| 000 | 00561cam a2200193 4500500 | ||
|---|---|---|---|
| 005 | 20260405001455.0 | ||
| 041 | _afre | ||
| 042 | _adc | ||
| 100 | 1 | 0 |
_aWilliams, Patrick _eauthor |
| 245 | 0 | 0 | _aAttention, ça brûle ! |
| 260 | _c2013. | ||
| 500 | _a76 | ||
| 690 | _aBurn out | ||
| 690 | _aÉpuisement | ||
| 690 | _aPascal Chabot | ||
| 690 | _aTravail | ||
| 786 | 0 | _nPhilosophie magazine | 68 | 4 | 2013-04-01 | p. 26-28 | 1951-1787 | |
| 856 | 4 | 1 | _uhttps://shs.cairn.info/magazine-philosophie-magazine-2013-4-page-26?lang=fr&redirect-ssocas=7080 |
| 999 |
_c2048050 _d2048050 |
||